000 01256cam a2200385 a 4500
999 _c23322
_d23322
001 vtls011724144
005 20221003072556.0
008 200316s2017 xo g 000 fdslo
020 _a9788081427114
_q(viaz.)
035 _aurn:nbn:sk:snk-am00dgcq
035 _aurn:nbn:sk:snk-am3i1cs
035 _a15BED0F2-D9FD-46A0-8F2A-9772DCCD3AED
040 _aPPPK
_bslo
_cPPPK
_dTTKJF
_dSNK
_eAACR2
041 1 _aslo
_heng
044 _axo
_cSK
072 7 _a821.111(73)-3
_xAmerická próza
_2konspekt
080 _a821.162.4-31
_22011
080 _a(0:82-312.5)
_22011
100 1 _aCantor, Jillian
_93319
240 1 4 _aThe lost letter
_lSlovensky
245 1 0 _aStratený list
_cJillian Cantorová ; [preložila Veronika Maťúšová]
250 _a1. vyd.
260 _aBratislava
_bFortuna Libri
_c2017
300 _a295 s.
_c22 cm
500 _aBiografické údaje
500 _aPravdepodobne preložené z angličtiny
655 7 _aamerické romány
_2SNKPH
_92
655 7 _aľúbostné romány
_2SNKPH
_913
655 7 _aAmerican fiction
_2SNKPHeng
_93
655 7 _aLove novels
_2SNKPHeng
_91667
700 1 _aMaťúšová, Veronika
_4trl
_93320
958 _aLX
958 _aUP